Flags of Pacific Countries - Sudden Death - Statistics

General Stats
  • This quiz has been taken 756 times
  • The average score is 9 of 14
Answers on the Grid
Answers color-coded by a green-red scale on the quiz's grid according to % correct below.
 
Answer Stats
Answer % Correct
77%
76%
76%
72%
65%
64%
63%
59%
58%
57%
55%
49%
48%
44%
No matching quizzes found
Score Distribution
Percent of People with Each Score
Percentile by Number Answered
Your Score History
You have not taken this quiz